| 000 | 00738nam a2200229Ia 4500 | ||
|---|---|---|---|
| 001 | 21764 | ||
| 005 | 20260407135454.0 | ||
| 008 | 260320s9999||||xx |||||||||||||| ||und|| | ||
| 020 | _a9786079250485 | ||
| 041 | _aESP | ||
| 082 |
_a541.3 _bB91Q |
||
| 100 |
_aBulbulián Garabedián, Ohannes, _eAUT |
||
| 245 | 0 | _aQuímica aplicada para ingenieros mecatrónicos | |
| 250 | _aPrimera edición | ||
| 260 |
_aCiudad de México : _bDe La Salle Ediciones, _c2014 |
||
| 300 |
_a256 páginas : _bfiguras, tablas ; _c23 cm. |
||
| 650 | _aTCA | ||
| 653 | _aQuímica física | ||
| 654 | _aCIM | ||
| 856 |
_uhttps://ebooks7-24-com.ucsp.lookproxy.com/stage.aspx?il=&pg=&ed= _zVéase además: Base de datos Ebook7-24 |
||
| 942 |
_cLIB _dJUS _fTRC _2ddc |
||
| 999 |
_c21764 _d21764 |
||